Priestorová autokorelácia - metóda vymedzovania a klasifikácie regiónov v kontexte sociálno-ekonomickej regionalizácie Slovenskej republiky

Problematika existencie diferencovaných rozvinutých, resp. rozvojových oblastí v Slovenskej republike z aspektu ekonomickej aktivity obyvateľstva.

Na minha lista:
Detalhes bibliográficos
Autor principal: Slavík, Vladimír
Outros Autores: Grác, Róbert, Klobučník, Michal
Formato: Capítulo de Livro
Idioma:eslovaco
Assuntos:
Tags: Adicionar Tag
Sem tags, seja o primeiro a adicionar uma tag!

MARC

LEADER 00000naa a2200000 4500
001 0128395
005 20231208093400.7
041 0 |a slo 
044 |a SK 
245 1 0 |a Priestorová autokorelácia - metóda vymedzovania a klasifikácie regiónov v kontexte sociálno-ekonomickej regionalizácie Slovenskej republiky  |c Vladimír Slavík, Róbert Grác, Michal Klobučník 
520 |a Problematika existencie diferencovaných rozvinutých, resp. rozvojových oblastí v Slovenskej republike z aspektu ekonomickej aktivity obyvateľstva. 
610 2 0 |a disparita 
610 2 0 |a diferenciácia regionálna 
610 2 0 |a regionalizácia 
610 2 0 |a Slovensko 
610 2 0 |a miera nezamestnanosti 
100 1 |a Slavík, Vladimír 
700 1 |a Grác, Róbert 
700 1 |a Klobučník, Michal